Southville International School and Colleges
Your cart is empty.
  • Cart
  • Lists
    Public lists Eva Luna New books Lux_list list_1
    Your lists Log in to create your own lists
  • Log in to your account
  • Your cookies
  • Search history
Southville International School and Colleges
  • Advanced search
  • Recent comments
  • Most popular
  • Libraries

Log in to your account

Log in with GOOGLE


If you do not have an external account, but do have a local account, you can still log in:

  1. Home
  2. MARC view: Own the world :
Normal view MARC view ISBD view

Own the world : (Record no. 22443)

[ view plain ]
MARC details
000 -LEADER
fixed length control field 01103nam a2200241 a 4500
005 - DATE AND TIME OF LATEST TRANSACTION
control field 20140310183408.0
008 - FIXED-LENGTH DATA ELEMENTS--GENERAL INFORMATION
fixed length control field 121029s19uu xx 00 eng d
020 ## - INTERNATIONAL STANDARD BOOK NUMBER
International Standard Book Number 9780470285381
050 ## - LIBRARY OF CONGRESS CALL NUMBER
Classification number HG 4529.5
Item number .An52 2009
100 ## - MAIN ENTRY--PERSONAL NAME
Personal name Anderson, Aaron
245 ## - TITLE STATEMENT
Title Own the world :
Remainder of title how smart investors create global portfolios /
Statement of responsibility, etc Aaron Anderson.
260 ## - PUBLICATION, DISTRIBUTION, ETC. (IMPRINT)
Place of publication, distribution, etc Hoboken, N.J. ; Chichester, UK :
Name of publisher, distributor, etc Wiley ; John Wiley,
Date of publication, distribution, etc 2009.
300 ## - PHYSICAL DESCRIPTION
Extent xiv, 207 p. :
Other physical details ill. ;
Dimensions 24 cm.
440 ## - SERIES STATEMENT/ADDED ENTRY--TITLE
Title Fisher investments series
500 ## - GENERAL NOTE
General note Includes bibliographical references (p. 193-198) and index
520 ## - SUMMARY, ETC.
Summary, etc Once considered the playground only of the ultra-rich or institutional investors, global investing is fast becoming not only possible, but a necessity for every investor. As part of the recently formed Fisher Investments Press, Own the World introduces readers to the vast advantages of seeking investment opportunities all over the planet
521 ## - TARGET AUDIENCE NOTE
Target audience note
650 ## - SUBJECT ADDED ENTRY--TOPICAL TERM
Topical term or geographic name as entry element Portfolio management
650 ## - SUBJECT ADDED ENTRY--TOPICAL TERM
Topical term or geographic name as entry element Investment analysis
650 ## - SUBJECT ADDED ENTRY--TOPICAL TERM
Topical term or geographic name as entry element Securities
942 ## - ADDED ENTRY ELEMENTS (KOHA)
Koha item type Books
Source of classification or shelving scheme Library of Congress Classification
Call number prefix Foreign
Holdings
Withdrawn status Lost status Source of classification or shelving scheme Damaged status Home library Current library Shelving location Date acquired Source of acquisition Cost, normal purchase price Total Checkouts Full call number Barcode Date last seen Copy number Price effective from Koha item type
    Library of Congress Classification   College Library College Library General Circulation Section 10/29/2012 Donation 1758.00   HG 4529.5 .An52 2009 C16429 05/15/2018 1 10/10/2013 Books

Own the world :

APA

Anderson A., . (2009). Own the world. Hoboken, N.J. ; Chichester, UK: Wiley ; John Wiley.

Chicago

Anderson Aaron, . 2009. Own the world. Hoboken, N.J. ; Chichester, UK: Wiley ; John Wiley.

Harvard

Anderson A., . (2009). Own the world. Hoboken, N.J. ; Chichester, UK: Wiley ; John Wiley.

MLA

Anderson Aaron, . Own the world. Hoboken, N.J. ; Chichester, UK: Wiley ; John Wiley. 2009.

  • Place hold
  • Print
  • Cite
  • Add to your cart (remove)
  • Save record
    BIBTEX Dublin Core MARCXML MARC (non-Unicode/MARC-8) MARC (Unicode/UTF-8) MARC (Unicode/UTF-8, Standard) MODS (XML) RIS
  • More searches
    Search for this title in:
    Other Libraries (WorldCat) Other Databases (Google Scholar) Online Stores (Bookfinder.com) Open Library (openlibrary.org)

Exporting to Dublin Core...

SOUTHVILLE LIBRARY

Southville International School and Colleges Library

1281 Tropical Ave. Cor. Luxembourg St., BF Homes International, Las Pinas City

Tel. No. 8256374 / 252358 Loc. 117/146

Powered by Koha